00393pab a2200133 454500008004000000100002000040245005700060260000900117300001300126362000800139650004700147700002300194773004200217180718b1995 xxu||||| |||| 00| 0 eng d aFaltan, Lubomir aPrivatizing the housing sectorbthe case of Slovakia c1995 ap.391-96 aOct aHousing - Slovak Republic (Czechoslovakia) aDoddar, Richard A. aPublic Administration and Development